Nhất Linh truyện ngắn

Sparad:
Bibliografiska uppgifter
Huvudupphovsman: Nhất Linh
Materialtyp: Bok
Språk:Undetermined
Publicerad: Hà Nội Văn Học 2000
Ämnen:
Taggar: Lägg till en tagg
Inga taggar, Lägg till första taggen!
Thư viện lưu trữ: Trung tâm Học liệu Trường Đại học Cần Thơ
LEADER 00520nam a2200169Ia 4500
001 CTU_37215
008 210402s9999 xx 000 0 und d
082 |a 895.922331 
082 |b Nh124t/2000 
100 |a Nhất Linh 
245 0 |a Nhất Linh truyện ngắn 
245 0 |c Nhất Linh 
260 |a Hà Nội 
260 |b Văn Học 
260 |c 2000 
650 |a short stories, vietnamese - collections,vietnamese literature - 20th century 
980 |a Trung tâm Học liệu Trường Đại học Cần Thơ